00673nam a2200121Ia 4500008004100000020001800041100004000059245013900099260002700238650001200265650023300277856004100510171212s9999 xx 000 0 und d a9780833038760 aJohnson, David E.;Johnson, David E. cJohnson, David E.;Johnson, David E.aLearning Large LessonsbThe Evolving Roles of Ground Power and Air Power in the Post-Cold War Era bRAND Corporationc2007 aHistory aUnited States -- Armed Forces; Military doctrine -- United States; United States -- Armed Forces -- Operations other than war; Air power -- United States; Unified operations (Military science); Operational art (Military science) uwww.jstor.org/stable/10.7249/mg405af